[Event "35t. Copenhagen Open (Politiken Cup)"]
[Site "Elsinore"]
[Date "2013.07.30"]
[Round "5"]
[White "Helin, Mikael"]
[Black "Nielsen, Jan Mose"]
[Result "1-0"]
[WhiteElo "1910"]
[BlackElo "2088"]
[PlyCount "81"]
[EventDate "2013.07.27"]
[EventType "swiss"]
[EventRounds "10"]
[EventCountry "DEN"]
[Source "ChessBase"]
[SourceDate "2013.08.26"]

1. e4 d5 2. d4 e6 3. e5 Bd7 4. a3 a5 5. a4 c5 6. c3 Nc6 7. Nf3 h5 8. h4 Nge7 9.
Na3 cxd4 10. cxd4 Nf5 11. Be2 Rc8 12. Bg5 Bb4+ 13. Kf1 Qb6 14. Nb5 Na7 15. Nd6+
Nxd6 16. exd6 Bxd6 17. Ne5 Bxe5 18. dxe5 Nc6 19. Rh3 Qxb2 20. Rb1 Qxe5 21. Rxb7
Rc7 22. Rb5 f6 23. Re3 Qh2 24. Rh3 Qd6 25. Bxh5+ Ke7 26. Bc1 Nb4 27. Rxa5 Rxc1
28. Qxc1 Rxh5 29. Kg1 Rf5 30. Rg3 Kf7 31. Ra7 Nc6 32. Rb7 Ne7 33. a5 d4 34. Rb6
Qc5 35. Qd1 Qxa5 36. Rb7 Qd5 37. Qg4 g6 38. Ra7 d3 39. Ra3 Bb5 40. Ra7 d2 41.
Qxg6+ 1-0

[Event "35t. Copenhagen Open (Politiken Cup)"]
[Site "Elsinore"]
[Date "2013.07.30"]
[Round "5"]
[White "Henrichsen, Jens"]
[Black "Nielsen, John Bauneborg"]
[Result "0-1"]
[WhiteElo "1937"]
[BlackElo "2161"]
[PlyCount "66"]
[EventDate "2013.07.27"]
[EventType "swiss"]
[EventRounds "10"]
[EventCountry "DEN"]
[Source "ChessBase"]
[SourceDate "2013.08.26"]

1. Nf3 f5 2. d4 Nf6 3. g3 g6 4. c3 Bg7 5. Qb3 e6 6. Bg2 O-O 7. O-O Nc6 8. Nbd2
Rb8 9. a4 b6 10. Re1 Bb7 11. Qc2 Ne7 12. Ne5 Bxg2 13. Kxg2 Re8 14. a5 c5 15.
Qa4 cxd4 16. cxd4 Ned5 17. Nec4 Qc7 18. axb6 axb6 19. Kg1 Ra8 20. Qxa8 Rxa8 21.
Rxa8+ Bf8 22. b3 Kg7 23. Ba3 Bxa3 24. Rxa3 b5 25. Ne5 Qc2 26. Ndf3 Nc3 27. Ra7
Nxe2+ 28. Kf1 Nc3 29. Nxd7 Nfe4 30. Nc5+ Kh6 31. Nxe4 Nxe4 32. Re2 Qd1+ 33. Ne1
Nd2+ 0-1

[Event "35t. Copenhagen Open (Politiken Cup)"]
[Site "Elsinore"]
[Date "2013.07.30"]
[Round "5"]
[White "Jacobsen, Caroline Beer"]
[Black "Christophersen, David"]
[Result "1-0"]
[WhiteElo "1585"]
[BlackElo "1818"]
[PlyCount "97"]
[EventDate "2013.07.27"]
[EventType "swiss"]
[EventRounds "10"]
[EventCountry "DEN"]
[Source "ChessBase"]
[SourceDate "2013.08.26"]

1. c4 Nf6 2. g3 g6 3. Bg2 Bg7 4. e4 d6 5. d3 O-O 6. Ne2 c5 7. O-O Nc6 8. Nbc3
Bg4 9. f3 Bd7 10. Rb1 Nd4 11. Nxd4 cxd4 12. Nd5 Ne8 13. b4 e6 14. Nf4 b5 15.
Bb2 bxc4 16. dxc4 Qb6 17. Nd3 Rc8 18. Qb3 f5 19. f4 fxe4 20. Bxe4 Kh8 21. Rf2
Nf6 22. Bf3 Rfe8 23. Re1 Ng8 24. Rfe2 e5 25. fxe5 dxe5 26. c5 Qc7 27. Bd5 Bg4
28. Rf2 Bf5 29. Rfe2 Nh6 30. Bxd4 Bxd3 31. Qxd3 Rcd8 32. Bf2 Qd7 33. Rd1 Qh3
34. c6 Ng4 35. Bxa7 e4 36. Qc2 e3 37. c7 Rxd5 38. Rxd5 Rf8 39. Qc1 Rf2 40.
c8=Q+ Bf8 41. Q1c3+ Kg8 42. Qe6+ Rf7 43. Qxf7+ Kxf7 44. Bxe3 Nf6 45. Rf2 Qe6
46. Rd1 Bg7 47. Qc7+ Kg8 48. Qd8+ Ne8 49. Qd5 1-0

[Event "35t. Copenhagen Open (Politiken Cup)"]
[Site "Elsinore"]
[Date "2013.07.30"]
[Round "5"]
[White "Jacobsen, Mikkel Manosri"]
[Black "Collins, Alan"]
[Result "0-1"]
[WhiteElo "1928"]
[BlackElo "1740"]
[PlyCount "68"]
[EventDate "2013.07.27"]
[EventType "swiss"]
[EventRounds "10"]
[EventCountry "DEN"]
[Source "ChessBase"]
[SourceDate "2013.08.26"]

1. d4 d6 2. Nf3 Bg4 3. Bf4 e6 4. e3 Nf6 5. Be2 Be7 6. Nbd2 Nh5 7. Bg3 Nxg3 8.
hxg3 Nd7 9. c3 c6 10. Qc2 g6 11. Bd3 Bxf3 12. gxf3 d5 13. f4 Nf8 14. Nf3 Bf6
15. O-O-O Qa5 16. Kb1 O-O-O 17. g4 Kb8 18. f5 Qc7 19. Rh3 exf5 20. gxf5 g5 21.
Rh6 Bg7 22. Rh5 f6 23. c4 Qf7 24. Rdh1 h6 25. Qe2 Nd7 26. Nh2 c5 27. cxd5 Qxd5
28. Ng4 cxd4 29. e4 Qc6 30. Bb5 Qd6 31. Bxd7 Rxd7 32. Nxh6 d3 33. Qd1 d2 34.
Ka1 Rc8 0-1

[Event "35t. Copenhagen Open (Politiken Cup)"]
[Site "Elsinore"]
[Date "2013.07.30"]
[Round "5"]
[White "Jacobsen, Per"]
[Black "Strachan, Christian C"]
[Result "1/2-1/2"]
[WhiteElo "1641"]
[BlackElo "1873"]
[PlyCount "85"]
[EventDate "2013.07.27"]
[EventType "swiss"]
[EventRounds "10"]
[EventCountry "DEN"]
[Source "ChessBase"]
[SourceDate "2013.08.26"]

1. b3 d5 2. Bb2 c5 3. e3 Nf6 4. Nf3 Nc6 5. Be2 Bf5 6. a3 e6 7. O-O Qc7 8. d4
Bd6 9. dxc5 Bxc5 10. Nbd2 Rd8 11. b4 Bd6 12. Rc1 O-O 13. Bxf6 gxf6 14. g3 Bh3
15. Re1 Qe7 16. c4 Bb8 17. Qc2 Bf5 18. Bd3 Bg6 19. Bxg6 fxg6 20. cxd5 Rxd5 21.
Nh4 Rfd8 22. Ne4 Ne5 23. Qe2 Nd3 24. Nc3 Nxc1 25. Rxc1 R5d7 26. Ne4 Kg7 27. Qa2
Rd1+ 28. Rxd1 Rxd1+ 29. Kg2 b6 30. Nf3 Rd7 31. Nd4 Kf7 32. Nc6 Qf8 33. Qb2 e5
34. Qb3+ Kg7 35. Qe6 Rf7 36. Qd5 Qe8 37. Nd8 Rd7 38. Ne6+ Kh6 39. Qc4 Qe7 40.
g4 g5 41. Ng3 Kg6 42. Nf5 Qe8 43. h4 1/2-1/2

[Event "35t. Copenhagen Open (Politiken Cup)"]
[Site "Elsinore"]
[Date "2013.07.30"]
[Round "5"]
[White "Jarlnaes, Erik"]
[Black "Suntharalingam, Jarani"]
[Result "1-0"]
[WhiteElo "1961"]
[BlackElo "1644"]
[PlyCount "117"]
[EventDate "2013.07.27"]
[EventType "swiss"]
[EventRounds "10"]
[EventCountry "DEN"]
[Source "ChessBase"]
[SourceDate "2013.08.26"]

1. e4 c5 2. Nf3 e6 3. d4 cxd4 4. Nxd4 Nf6 5. Bd3 Nc6 6. Nb3 Be7 7. Bf4 O-O 8.
e5 Nd5 9. Bg3 d6 10. exd6 Bxd6 11. N1d2 Nf6 12. Ne4 Nxe4 13. Bxe4 Bxg3 14. hxg3
Qxd1+ 15. Rxd1 h6 16. Bxc6 bxc6 17. Rd6 Re8 18. Rxc6 Bb7 19. Rc7 Bxg2 20. Rh4
Rec8 21. Rhc4 Rd8 22. Ke2 Bd5 23. Ra4 a6 24. c4 Bg2 25. Nc5 Rd6 26. Rd7 Rb6 27.
Rd2 Bc6 28. Ra5 Rb4 29. b3 Rb6 30. Rd6 Bf3+ 31. Kxf3 Rxd6 32. Ne4 Rd3+ 33. Ke2
Rd7 34. c5 Rc7 35. Nd6 Rc6 36. Kd3 Kf8 37. Kd4 Ke7 38. b4 Rxd6+ 39. cxd6+ Kxd6
40. a4 Kc6 41. Rc5+ Kd6 42. Kc4 Ra7 43. Kd4 Rb7 44. b5 axb5 45. axb5 Rb6 46.
Kc4 f5 47. Kb4 Rb7 48. Rc2 Rc7 49. Rd2+ Ke7 50. b6 Rd7 51. Rc2 Rb7 52. Kb5 g5
53. Ka6 Rd7 54. Rc7 Rxc7 55. bxc7 h5 56. Kb7 f4 57. gxf4 g4 58. c8=Q Kf7 59.
Qd8 1-0

[Event "35t. Copenhagen Open (Politiken Cup)"]
[Site "Elsinore"]
[Date "2013.07.30"]
[Round "5"]
[White "Jensen, Soren Holm"]
[Black "Undheim, Bjarne"]
[Result "1-0"]
[WhiteElo "2004"]
[BlackElo "1838"]
[PlyCount "89"]
[EventDate "2013.07.27"]
[EventType "swiss"]
[EventRounds "10"]
[EventCountry "DEN"]
[Source "ChessBase"]
[SourceDate "2013.08.26"]

1. e4 d5 2. exd5 Nf6 3. Nf3 Nxd5 4. d4 Bf5 5. Bd3 Bxd3 6. Qxd3 Nc6 7. Bd2 g6 8.
c4 Nb6 9. Bc3 Na4 10. d5 Rg8 11. O-O Nxc3 12. Nxc3 Bg7 13. Rfe1 Nb4 14. Qd2 Qd7
15. Rad1 Na6 16. Nd4 Bf6 17. a3 Kf8 18. b4 Rd8 19. Ne4 Kg7 20. b5 Nb8 21. Nc5
Qc8 22. Ne4 Nd7 23. c5 Nxc5 24. Nxc5 Rxd5 25. Nde6+ fxe6 26. Nxe6+ Qxe6 27.
Qxd5 Qb6 28. Re3 Rf8 29. Rf3 a6 30. a4 axb5 31. axb5 Ra8 32. Rfd3 Ra5 33. Rb3
c6 34. Qd3 Ra2 35. Rf1 c5 36. Qc4 Bd4 37. Rf3 Ra8 38. Qf7+ Kh8 39. Qxe7 Qd8 40.
Qxb7 Rb8 41. Qc6 Kg7 42. h4 Rb6 43. Qe4 Rxb5 44. h5 Qg5 45. Qe8 1-0

[Event "35t. Copenhagen Open (Politiken Cup)"]
[Site "Elsinore"]
[Date "2013.07.30"]
[Round "5"]
[White "Johansen, Stian"]
[Black "Philipsen, William Horup"]
[Result "1-0"]
[WhiteElo "2085"]
[BlackElo "1922"]
[PlyCount "51"]
[EventDate "2013.07.27"]
[EventType "swiss"]
[EventRounds "10"]
[EventCountry "DEN"]
[Source "ChessBase"]
[SourceDate "2013.08.26"]

1. d4 d5 2. c4 e5 3. dxe5 d4 4. a3 Nc6 5. Nf3 a5 6. e3 Bc5 7. exd4 Bxd4 8. Nxd4
Qxd4 9. Nc3 Qxd1+ 10. Nxd1 Bf5 11. Bf4 Nge7 12. Ne3 Rd8 13. Be2 Nd4 14. Rd1 Bc2
15. Rd2 Be4 16. f3 Bg6 17. Bg5 c5 18. Kf2 Rd7 19. Bxe7 Rxe7 20. f4 O-O 21. Bd3
b5 22. cxb5 Bxd3 23. Rxd3 a4 24. Rc1 Nb3 25. Rc4 Ra8 26. Rxa4 1-0

[Event "35t. Copenhagen Open (Politiken Cup)"]
[Site "Elsinore"]
[Date "2013.07.30"]
[Round "5"]
[White "Johansson, Alexander"]
[Black "Alfven, Jorgen"]
[Result "1-0"]
[WhiteElo "2022"]
[BlackElo "1851"]
[PlyCount "48"]
[EventDate "2013.07.27"]
[EventType "swiss"]
[EventRounds "10"]
[EventCountry "DEN"]
[Source "ChessBase"]
[SourceDate "2013.08.26"]

1. d4 d5 2. Nc3 e6 3. Nf3 c5 4. Bg5 Be7 5. Bxe7 Qxe7 6. e4 dxe4 7. Nxe4 Nd7 8.
dxc5 Kf8 9. Bb5 a6 10. Ba4 f5 11. Bxd7 fxe4 12. Ne5 Nf6 13. Ba4 g6 14. Qd4 Kg7
15. O-O-O Rf8 16. h4 h5 17. g4 Kh7 18. gxh5 Nxh5 19. Qxe4 Rf5 20. Rhg1 Qxc5 21.
Nxg6 Nf6 22. Qg2 Nh5 23. Nf8+ Qxf8 24. Qg6+ Kh8 1-0

[Event "35t. Copenhagen Open (Politiken Cup)"]
[Site "Elsinore"]
[Date "2013.07.30"]
[Round "5"]
[White "Jorgensen, Dennis"]
[Black "Svane, Rasmus"]
[Result "0-1"]
[WhiteElo "2245"]
[BlackElo "2427"]
[PlyCount "148"]
[EventDate "2013.07.27"]
[EventType "swiss"]
[EventRounds "10"]
[EventCountry "DEN"]
[Source "ChessBase"]
[SourceDate "2013.08.26"]

1. d4 Nf6 2. Nf3 d5 3. c4 e6 4. g3 dxc4 5. Bg2 Bd7 6. Nbd2 Bc6 7. Nxc4 Bd5 8.
Nce5 Nc6 9. O-O Bd6 10. Bf4 O-O 11. Rc1 Qe8 12. a3 Ne7 13. Nd3 Qb5 14. Qc2 Nf5
15. Be5 Ne4 16. Nf4 Bxe5 17. dxe5 c6 18. g4 Nh6 19. Nd4 Qb6 20. e3 c5 21. Nde2
Ng5 22. Nxd5 exd5 23. Nf4 d4 24. h4 Ne6 25. Nd5 Qb5 26. g5 d3 27. Qd1 Nf5 28.
Qg4 g6 29. Be4 Nfg7 30. Rc3 c4 31. b3 cxb3 32. Nf6+ Kh8 33. Bxd3 Qxe5 34. Rxb3
Nc5 35. Nd7 Nxd7 36. Qxd7 b6 37. Qg4 Rac8 38. Rd1 Qe6 39. Qxe6 Nxe6 40. Bb5 Nc5
41. Rb4 Kg7 42. Rd6 Rfd8 43. Rbd4 Rxd6 44. Rxd6 Rc7 45. Kg2 h6 46. Bc6 Re7 47.
gxh6+ Kxh6 48. Bf3 Re6 49. Rxe6 Nxe6 50. Bd5 b5 51. Bc6 Nc7 52. Kg3 a5 53. e4
b4 54. axb4 axb4 55. Ba4 Ne6 56. Bb3 Kg7 57. Ba2 Nd4 58. Bc4 b3 59. Kg4 b2 60.
Bd3 Ne2 61. f4 Nc3 62. e5 Nd5 63. Kg5 Nb4 64. Bb1 Nc6 65. h5 gxh5 66. Kxh5 Nd4
67. Kg4 Kf8 68. f5 Ke7 69. Ba2 Ne2 70. f6+ Kd7 71. Kf5 Nc3 72. e6+ fxe6+ 73.
Kg6 Nxa2 74. f7 b1=Q+ 0-1

[Event "35t. Copenhagen Open (Politiken Cup)"]
[Site "Elsinore"]
[Date "2013.07.30"]
[Round "5"]
[White "Jorgensen, Orla Eilegaard"]
[Black "Wiberg, Jonas"]
[Result "1-0"]
[WhiteElo "1614"]
[BlackElo "1877"]
[PlyCount "49"]
[EventDate "2013.07.27"]
[EventType "swiss"]
[EventRounds "10"]
[EventCountry "DEN"]
[Source "ChessBase"]
[SourceDate "2013.08.26"]

1. Nf3 d5 2. d4 Nf6 3. c4 e6 4. Nc3 c6 5. cxd5 exd5 6. a3 Nbd7 7. Qc2 Be7 8.
Bg5 O-O 9. e3 Re8 10. Bd3 Nf8 11. h3 N6d7 12. Bf4 g6 13. h4 Ne6 14. g3 Nxf4 15.
gxf4 f5 16. O-O-O Nf6 17. Rdg1 Ne4 18. h5 Kg7 19. hxg6 h6 20. Ne5 Be6 21. f3
Nd6 22. Qh2 Rh8 23. Qh5 Qf8 24. Nf7 Nc4 25. Nxh8 1-0

[Event "35t. Copenhagen Open (Politiken Cup)"]
[Site "Elsinore"]
[Date "2013.07.30"]
[Round "5"]
[White "Justinussen, Sigurd B"]
[Black "Henningsen, Lasse"]
[Result "1-0"]
[WhiteElo "1970"]
[BlackElo "1779"]
[PlyCount "46"]
[EventDate "2013.07.27"]
[EventType "swiss"]
[EventRounds "10"]
[EventCountry "DEN"]
[Source "ChessBase"]
[SourceDate "2013.08.26"]

1. e4 e5 2. Bc4 Nf6 3. d3 c6 4. Bg5 d5 5. exd5 cxd5 6. Bb3 Be6 7. Nf3 Nbd7 8.
O-O Be7 9. Re1 Qc7 10. Nbd2 O-O 11. c4 Bd6 12. Rc1 d4 13. c5 Bxb3 14. cxd6 Bxd1
15. Rxc7 Ba4 16. Nxe5 Rfe8 17. Ndf3 Nxe5 18. Rxe5 Rxe5 19. Nxe5 Re8 20. Bxf6
gxf6 21. Nf3 Rd8 22. Rxb7 Bc6 23. Rxa7 Rxd6 1-0

[Event "35t. Copenhagen Open (Politiken Cup)"]
[Site "Elsinore"]
[Date "2013.07.30"]
[Round "5"]
[White "Kistrup, Nicolai"]
[Black "Nielsen, Ejgild"]
[Result "1-0"]
[WhiteElo "1623"]
[BlackElo "1900"]
[PlyCount "75"]
[EventDate "2013.07.27"]
[EventType "swiss"]
[EventRounds "10"]
[EventCountry "DEN"]
[Source "ChessBase"]
[SourceDate "2013.08.26"]

1. d4 Nf6 2. Nf3 d5 3. c4 Bf5 4. Qb3 b6 5. e3 e6 6. Nc3 Be7 7. Ne5 O-O 8. cxd5
exd5 9. Bb5 Be6 10. O-O a6 11. Qa4 Bd6 12. Bd3 Nfd7 13. f4 f6 14. Nf3 b5 15.
Qc2 h6 16. Nh4 b4 17. Bh7+ Kf7 18. Qg6+ Ke7 19. Qxg7+ Rf7 20. Ng6+ Ke8 21. Qg8+
Nf8 22. Nxf8 Bxf8 23. Bg6 f5 24. Ne2 Nd7 25. Bxf7+ Bxf7 26. Qg3 Nf6 27. Qe1 Bd6
28. Bd2 Qe7 29. Qc1 c5 30. dxc5 Bxc5 31. Nd4 Bg6 32. Qc2 Ne4 33. Bxb4 Rc8 34.
Qa4+ Kf7 35. Bxc5 Nxc5 36. Qa3 Qe4 37. Nf3 Nd3 38. Qxd3 1-0

[Event "35t. Copenhagen Open (Politiken Cup)"]
[Site "Elsinore"]
[Date "2013.07.30"]
[Round "5"]
[White "Klitgaard, Ebbe"]
[Black "Ivarsson, Tryggve"]
[Result "0-1"]
[WhiteElo "1935"]
[BlackElo "2121"]
[PlyCount "30"]
[EventDate "2013.07.27"]
[EventType "swiss"]
[EventRounds "10"]
[EventCountry "DEN"]
[Source "ChessBase"]
[SourceDate "2013.08.26"]

1. c4 e5 2. Nc3 Bb4 3. g3 Nf6 4. Bg2 O-O 5. e3 Bxc3 6. bxc3 e4 7. f3 Re8 8. Qc2
d5 9. cxd5 Bf5 10. fxe4 Nxe4 11. d3 Nc5 12. e4 Qxd5 13. Kf1 Nxd3 14. Bd2 Bxe4
15. Bxe4 Qxe4 0-1

[Event "35t. Copenhagen Open (Politiken Cup)"]
[Site "Elsinore"]
[Date "2013.07.30"]
[Round "5"]
[White "Knudsen, Jes West"]
[Black "Andersen, Soren P"]
[Result "0-1"]
[WhiteElo "1886"]
[BlackElo "2115"]
[PlyCount "55"]
[EventDate "2013.07.27"]
[EventType "swiss"]
[EventRounds "10"]
[EventCountry "DEN"]
[Source "ChessBase"]
[SourceDate "2013.08.26"]

1. e4 c5 2. Nf3 d6 3. d4 cxd4 4. Qxd4 a6 5. c4 Nc6 6. Qe3 Nf6 7. h3 g6 8. Be2
Bg7 9. O-O O-O 10. Nc3 Nd7 11. Rb1 b6 12. b4 Bb7 13. b5 axb5 14. cxb5 Na5 15.
Bb2 Rc8 16. Rfd1 Nc4 17. Bxc4 Rxc4 18. Nd2 Bd4 19. Qg3 Rc8 20. Nd5 Bxb2 21.
Rxb2 f5 22. Nf4 Qe8 23. Ne6 Rf6 24. exf5 Rxf5 25. Nf1 Qf7 26. Ng5 Qf6 27. h4
Qxb2 28. Rxd6 0-1

[Event "35t. Copenhagen Open (Politiken Cup)"]
[Site "Elsinore"]
[Date "2013.07.30"]
[Round "5"]
[White "Kopperberg, Steen"]
[Black "Sorensen, Bernhard W"]
[Result "1-0"]
[WhiteElo "1777"]
[BlackElo "1591"]
[PlyCount "73"]
[EventDate "2013.07.27"]
[EventType "swiss"]
[EventRounds "10"]
[EventCountry "DEN"]
[Source "ChessBase"]
[SourceDate "2013.08.26"]

1. d4 f5 2. Nf3 Nf6 3. c3 e6 4. Bg5 d5 5. Nbd2 c6 6. e3 Bd6 7. Ne5 O-O 8. Bxf6
Rxf6 9. f4 Qe8 10. Ndf3 h6 11. Be2 Bxe5 12. Nxe5 g6 13. g4 Nd7 14. Rg1 Kh7 15.
g5 hxg5 16. Rxg5 Nxe5 17. dxe5 Rf8 18. Kd2 Rg8 19. Qe1 Qf8 20. Qg3 Bd7 21. Rg1
Qh6 22. h4 Rg7 23. h5 Rag8 24. Rh1 Kh8 25. Rh4 Rh7 26. Rh2 Be8 27. Rg2 Qg7 28.
hxg6 Rh6 29. Bh5 a6 30. Rh2 Qe7 31. Be2 Rgxg6 32. Rxg6 Bxg6 33. Rxh6+ Bh7 34.
Qg5 Qe8 35. Qf6+ Kg8 36. Bh5 Qd7 37. Bg6 1-0

[Event "35t. Copenhagen Open (Politiken Cup)"]
[Site "Elsinore"]
[Date "2013.07.30"]
[Round "5"]
[White "Kristensen, Thomas Overgaard"]
[Black "Andreasen, Jakup a Rogvi"]
[Result "0-1"]
[WhiteElo "1645"]
[BlackElo "2008"]
[PlyCount "56"]
[EventDate "2013.07.27"]
[EventType "swiss"]
[EventRounds "10"]
[EventCountry "DEN"]
[Source "ChessBase"]
[SourceDate "2013.08.26"]

1. d4 Nf6 2. c4 g6 3. Nc3 Bg7 4. e4 d6 5. Nge2 O-O 6. Ng3 c5 7. d5 e6 8. Be2 a6
9. h4 exd5 10. exd5 Nbd7 11. Bg5 h6 12. Be3 Ne5 13. f3 Re8 14. Qd2 Qe7 15. Nge4
Nxe4 16. fxe4 h5 17. Bg5 f6 18. Bh6 Bg4 19. Bxg7 Kxg7 20. O-O Bxe2 21. Qxe2 Ng4
22. Qf3 Qe5 23. Qf4 Qd4+ 24. Kh1 Re5 25. Na4 Rxe4 26. Qxd6 Nf2+ 27. Rxf2 Qxf2
28. g3 Re2 0-1

[Event "35t. Copenhagen Open (Politiken Cup)"]
[Site "Elsinore"]
[Date "2013.07.30"]
[Round "5"]
[White "Haagen Larsen, Hans"]
[Black "Bremer, Erik"]
[Result "1-0"]
[WhiteElo "1712"]
[BlackElo "1493"]
[PlyCount "71"]
[EventDate "2013.07.27"]
[EventType "swiss"]
[EventRounds "10"]
[EventCountry "DEN"]
[Source "ChessBase"]
[SourceDate "2013.08.26"]

1. d4 Nf6 2. Nf3 e6 3. Bf4 d5 4. e3 Bd6 5. Ne5 Nbd7 6. Nd2 O-O 7. c3 Ne8 8. Bd3
c5 9. Qh5 Nef6 10. Qh3 Qe7 11. g4 cxd4 12. exd4 g6 13. Ndf3 Re8 14. Ng5 Rf8 15.
f3 Nb6 16. Qh6 Bd7 17. h4 Rfc8 18. h5 Qf8 19. Ngxf7 Qxh6 20. Nxh6+ Kg7 21. hxg6
hxg6 22. Nhf7 Bxe5 23. Nxe5 Rh8 24. O-O-O Ba4 25. b3 Rhc8 26. Bh6+ Kg8 27. Bxg6
Be8 28. Kb2 a5 29. Bg5 Nbd7 30. Nxd7 Nxd7 31. Bh7+ Kg7 32. Rde1 Bf7 33. Bd3 a4
34. Bh6+ Kg8 35. g5 axb3 36. axb3 1-0

[Event "35t. Copenhagen Open (Politiken Cup)"]
[Site "Elsinore"]
[Date "2013.07.30"]
[Round "5"]
[White "Larsen, Jens Evald"]
[Black "Egholm, Leif"]
[Result "0-1"]
[WhiteElo "1533"]
[BlackElo "1793"]
[PlyCount "30"]
[EventDate "2013.07.27"]
[EventType "swiss"]
[EventRounds "10"]
[EventCountry "DEN"]
[Source "ChessBase"]
[SourceDate "2013.08.26"]

1. d4 Nf6 2. c4 c5 3. e3 cxd4 4. exd4 d6 5. Nf3 g6 6. h3 Bg7 7. Be3 O-O 8. Bd3
b6 9. Nc3 Bb7 10. O-O Nbd7 11. Nd2 Rc8 12. Nde4 d5 13. Nxf6+ Nxf6 14. b3 Ne8
15. cxd5 Rxc3 0-1

[Event "35t. Copenhagen Open (Politiken Cup)"]
[Site "Elsinore"]
[Date "2013.07.30"]
[Round "5"]
[White "Larsen, Preben R"]
[Black "Hyldkrog, Lars"]
[Result "1/2-1/2"]
[WhiteElo "1836"]
[BlackElo "2009"]
[PlyCount "37"]
[EventDate "2013.07.27"]
[EventType "swiss"]
[EventRounds "10"]
[EventCountry "DEN"]
[Source "ChessBase"]
[SourceDate "2013.08.26"]

1. c4 Nf6 2. Nc3 e5 3. Nf3 Nc6 4. d4 exd4 5. Nxd4 Bb4 6. Bg5 h6 7. Bh4 Bxc3+ 8.
bxc3 Ne5 9. e3 Ng6 10. Bg3 d6 11. Qc2 O-O 12. Be2 Qe7 13. Bf3 c6 14. O-O d5 15.
cxd5 cxd5 16. Qb3 Rd8 17. Rfd1 Ne4 18. Bxe4 dxe4 19. Qb4 1/2-1/2

[Event "35t. Copenhagen Open (Politiken Cup)"]
[Site "Elsinore"]
[Date "2013.07.30"]
[Round "5"]
[White "Leutwyler, Martin"]
[Black "Merkesvik, Sondre"]
[Result "0-1"]
[WhiteElo "2180"]
[BlackElo "1980"]
[PlyCount "92"]
[EventDate "2013.07.27"]
[EventType "swiss"]
[EventRounds "10"]
[EventCountry "DEN"]
[Source "ChessBase"]
[SourceDate "2013.08.26"]

1. d4 Nf6 2. Nf3 g6 3. c4 Bg7 4. Nc3 d5 5. cxd5 Nxd5 6. e4 Nxc3 7. bxc3 O-O 8.
Be3 c5 9. Qd2 Nc6 10. d5 Qa5 11. Rc1 Rd8 12. Bd3 b6 13. O-O Bg4 14. Qc2 Bxf3
15. gxf3 Ne5 16. Be2 Nd7 17. c4 Qa6 18. f4 Qb7 19. e5 b5 20. Rb1 a6 21. Bf3 Nb6
22. Qe2 Qd7 23. d6 Nxc4 24. Bxa8 Rxa8 25. Rfd1 Rc8 26. a4 exd6 27. axb5 axb5
28. exd6 Bf8 29. Rd5 Bxd6 30. Rbd1 Qe7 31. Qf3 Re8 32. Rxd6 Nxd6 33. Bxc5 Qe4
34. Kg2 Nf5 35. Qxe4 Rxe4 36. Rb1 Rxf4 37. Rxb5 Rc4 38. Rb8+ Kg7 39. Ba3 Nh4+
40. Kg3 Rc3+ 41. Kxh4 Rxa3 42. Rb4 Rf3 43. Rb2 h5 44. h3 Kh6 45. Rb5 g5+ 46.
Rxg5 Rf4+ 0-1

[Event "35t. Copenhagen Open (Politiken Cup)"]
[Site "Elsinore"]
[Date "2013.07.30"]
[Round "5"]
[White "Louis, Thibault"]
[Black "Tari, Aryan"]
[Result "0-1"]
[WhiteElo "2222"]
[BlackElo "2383"]
[PlyCount "74"]
[EventDate "2013.07.27"]
[EventType "swiss"]
[EventRounds "10"]
[EventCountry "DEN"]
[Source "ChessBase"]
[SourceDate "2013.08.26"]

1. e4 c6 2. d4 d5 3. e5 Bf5 4. h4 Qb6 5. Ne2 h6 6. c4 dxc4 7. Nd2 e6 8. Nxc4
Qc7 9. Ng3 Bh7 10. Bd3 Bxd3 11. Qxd3 b5 12. Nd6+ Bxd6 13. exd6 Qxd6 14. Ne4 Qd5
15. Bf4 Nd7 16. O-O Ngf6 17. Nxf6+ Nxf6 18. Qa3 Qxd4 19. Be3 Qd7 20. Rac1 Nd5
21. Qc5 Rc8 22. Rfd1 f6 23. Rd3 Kf7 24. Ra3 Rc7 25. Bd2 Qe7 26. Ba5 Qxc5 27.
Rxc5 Nb6 28. Rd3 Rhc8 29. Rcc3 c5 30. Bxb6 axb6 31. Rd6 Rb8 32. f4 Ke7 33. Rd2
Rd8 34. Re2 b4 35. Rg3 Kf7 36. Rge3 Rd6 37. h5 c4 0-1

[Event "35t. Copenhagen Open (Politiken Cup)"]
[Site "Elsinore"]
[Date "2013.07.30"]
[Round "5"]
[White "Lund, Silas"]
[Black "Fossan, Petter"]
[Result "1/2-1/2"]
[WhiteElo "2421"]
[BlackElo "2245"]
[PlyCount "117"]
[EventDate "2013.07.27"]
[EventType "swiss"]
[EventRounds "10"]
[EventCountry "DEN"]
[Source "ChessBase"]
[SourceDate "2013.08.26"]

1. d4 Nf6 2. c4 e5 3. dxe5 Ng4 4. Bf4 Nc6 5. Nf3 Bb4+ 6. Nbd2 Qe7 7. a3 Ngxe5
8. Nxe5 Nxe5 9. e3 Bxd2+ 10. Qxd2 d6 11. Qc3 f6 12. Be2 b6 13. O-O Bb7 14. b4
Nd7 15. Bh5+ g6 16. Bg4 O-O 17. c5 dxc5 18. Qc4+ Kg7 19. Rad1 f5 20. bxc5 Nxc5
21. Qc3+ Kg8 22. Be2 Bc8 23. Bf3 Rb8 24. Qe5 Qxe5 25. Bxe5 Be6 26. Bxc7 Rbc8
27. Be5 Rfd8 28. Rxd8+ Rxd8 29. Rd1 Rxd1+ 30. Bxd1 Nd7 31. Bd4 Kf7 32. f3 Bd5
33. Bc2 Ke6 34. Kf2 Nc5 35. Kg3 Nb3 36. Bc3 Nc5 37. Kf4 h5 38. h4 Bc6 39. Bd4
Kd5 40. Kg5 Be8 41. Kf6 Kd6 42. Be5+ Kd5 43. Bf4 Kc4 44. Ke7 Bb5 45. g4 Bc6 46.
gxh5 gxh5 47. Bb8 a6 48. f4 Ne4 49. Ke6 Kc3 50. Bd1 Ng3 51. Ba7 Kd2 52. Bb3
Kxe3 53. Ke5 Kf3 54. Bd1+ Kg2 55. Bxb6 Kh3 56. Bf2 Be4 57. a4 a5 58. Be1 Kxh4
59. Bxh5 1/2-1/2

[Event "35t. Copenhagen Open (Politiken Cup)"]
[Site "Elsinore"]
[Date "2013.07.30"]
[Round "5"]
[White "Maagaard, David Bille"]
[Black "Molin, Claus"]
[Result "0-1"]
[WhiteElo "1821"]
[BlackElo "1982"]
[PlyCount "38"]
[EventDate "2013.07.27"]
[EventType "swiss"]
[EventRounds "10"]
[EventCountry "DEN"]
[Source "ChessBase"]
[SourceDate "2013.08.26"]

1. d4 Nf6 2. c4 g6 3. Nc3 Bg7 4. e4 O-O 5. Bd3 d6 6. Nge2 c5 7. Be3 Ng4 8. b3
Nc6 9. d5 Nxe3 10. fxe3 Ne5 11. O-O Bg4 12. Rc1 a6 13. h3 Bd7 14. Nf4 Qa5 15.
Qc2 b5 16. Be2 Rab8 17. Nd1 bxc4 18. bxc4 Ba4 19. Qc3 Nf3+ 0-1

[Event "35t. Copenhagen Open (Politiken Cup)"]
[Site "Elsinore"]
[Date "2013.07.30"]
[Round "5"]
[White "Madison, Sigurd"]
[Black "Rasmussen, Lars"]
[Result "0-1"]
[WhiteElo "1792"]
[BlackElo "1977"]
[PlyCount "50"]
[EventDate "2013.07.27"]
[EventType "swiss"]
[EventRounds "10"]
[EventCountry "DEN"]
[Source "ChessBase"]
[SourceDate "2013.08.26"]

1. e4 c5 2. Nf3 d6 3. d4 cxd4 4. Nxd4 Nf6 5. f3 e5 6. Bb5+ Bd7 7. Bxd7+ Qxd7 8.
Ne2 d5 9. exd5 Nxd5 10. c3 Bc5 11. b4 Be3 12. Nd2 O-O 13. Nc4 Bxc1 14. Qxc1 Rc8
15. Nxe5 Qe6 16. Qg5 Re8 17. c4 Nxb4 18. O-O-O f6 19. Qd2 Qxe5 20. Nd4 N8c6 21.
a3 Nxd4 22. Qxb4 Rac8 23. Rhe1 Qg5+ 24. Kb2 Rxe1 25. Qxe1 Qe5 0-1